Účinné vedení týmů

Guardado en:
Detalles Bibliográficos
Autor principal: Bay, Rolf H (Autor)
Formato: Libro
Lenguaje:checo
Publicado: Praha : Grada, 2000
Etiquetas: Agregar Etiqueta
Sin Etiquetas, Sea el primero en etiquetar este registro!

MARC

LEADER 00000nam a22000003a 4500
001 stu78539
005 20150617225643.1
008 030120s2000----xr------------------cze-d
020 |a 80-247-9068-8 
040 |a STU  |b slo 
041 0 |a cze 
044 |a xr 
080 |a 65.012.4 
100 1 |a Bay, Rolf H  |4 aut 
245 1 |a Účinné vedení týmů 
260 |a Praha :  |b Grada,  |c 2000 
300 |a 152 s.;tab.,schémy 
500 |a prel. z nemeckého orig. 
996 |b 284V000073  |c V*47788/O-21052  |l VVT  |s A  |a 24  |w stu78539_0001